000
00247nam a2200109Ia 4500
008
260210s9999 xx 000 0 und d
020
_a
9789881566102
100
_a
Liu
245
0
_a
Urban Rail Transit Design Manual
260
_b
DMPL
942
_c
PG
999
_c
14030
_d
14030